00956nam a2200229Ia 4500003000900000008004100009020001800050040001600068080002000084111010100104245019600205260004700401300002300448650002500471650002500496650001300521700003500534700003600569942000700605999001700612952009700629IN-BaIIA211028s9999 xx 000 0 eng d a0-521-40119-7 cIIA Library a523.98-337bSCH aInternational Conference on Solar Magnetic FieldscFreiburg, Germanyd1993 June 29-July 2919664 0aSolar magnetic fieldsbproceedings of the international Conference on Solar magnetic fields, held in Freiburg, Germany, June 29- July 2, 1993cedited by Wolfgang Schmidt and Manfred Schussler aNew YorkbCambridge University Pressc1994 a[various pagings.] aMagnetic fields9530 aSolar activity91424 aSunspots aSchmidt, Wolfgang., ed.919665 aSchussler, Manfred., ed.919666 cBK c11419d11419 00104070aBANbBANcGENd1995-09-28l0o523.98-337/ SCHp12334r2021-11-05w1995-09-28yBK